[Event "Madrid-ch Semifinal A"]
[Site "Madrid ESP"]
[Date "2014.03.24"]
[Round "7.12"]
[White "Vazquez Gonzalez, Jesus"]
[Black "Perez Agusti, Luis"]
[Result "1/2-1/2"]
[WhiteElo "2054"]
[BlackElo "1952"]
[PlyCount "62"]
[EventDate "2014.03.10"]
[EventType "swiss"]
[EventRounds "9"]
[EventCountry "ESP"]
[Source "lmi"]
[SourceDate "2014.03.10"]

1. b3 d5 2. Bb2 Nf6 3. e3 g6 4. c4 c6 5. cxd5 cxd5 6. Bxf6 exf6 7. Qf3 Nc6 8.
Nc3 d4 9. Qe4+ Be6 10. exd4 Qxd4 11. Bb5 Qxe4+ 12. Nxe4 Be7 13. Ne2 f5 14. N4c3
Bd7 15. Nd5 Nb4 16. Bxd7+ Kxd7 17. Nxb4 Bxb4 18. a3 Bd6 19. O-O Rac8 20. Nc3
Rhe8 21. b4 Rc4 22. Rab1 Rec8 23. Rfd1 a6 24. Nd5 Bc7 25. Rbc1 Bd8 26. Rxc4
Rxc4 27. Ne3 Rd4 28. Nc2 Rc4 29. Ne3 Rd4 30. Nc2 Rd3 31. Kf1 Bf6 1/2-1/2

[Event "Madrid-ch Semifinal A"]
[Site "Madrid ESP"]
[Date "2014.03.24"]
[Round "7.13"]
[White "Pinel Mirasierra, Jose Pablo"]
[Black "Quintero Torres, Pedro"]
[Result "0-1"]
[WhiteElo "1951"]
[BlackElo "2004"]
[PlyCount "128"]
[EventDate "2014.03.10"]
[EventType "swiss"]
[EventRounds "9"]
[EventCountry "ESP"]
[Source "lmi"]
[SourceDate "2014.03.10"]

1. d4 Nf6 2. Nf3 g6 3. g3 Bg7 4. Bg2 c6 5. c4 d5 6. O-O O-O 7. Nc3 Ne4 8. cxd5
Nxc3 9. bxc3 cxd5 10. Bf4 Nc6 11. Rc1 Bf5 12. Ne5 Nxe5 13. dxe5 Be6 14. Qd4 Qa5
15. Rfd1 Rfd8 16. a4 Rac8 17. Qb4 Qc7 18. Qd4 Qa5 19. Qb4 Qc7 20. Qd4 b6 21. h4
h5 22. Kh2 Qc4 23. e3 Qb3 24. Bf1 Bg4 25. Rd2 Bf3 26. Ba6 Rc5 27. Bb5 Rdc8 28.
c4 dxc4 29. Rb2 Qd3 30. Qxd3 cxd3 31. Rxc5 Rxc5 32. Bxd3 Bxe5 33. Bxe5 Rxe5 34.
Rc2 Rd5 35. Bf1 Rd1 36. Bg2 Bxg2 37. Kxg2 Rd7 38. Kf3 Kg7 39. Rc4 e6 40. e4 Kf6
41. Ke3 Ke7 42. Kf3 f6 43. Ke3 Rb7 44. f3 a6 45. Kd4 Kd6 46. f4 b5 47. e5+
fxe5+ 48. fxe5+ Kd7 49. axb5 axb5 50. Rb4 Kc6 51. Rb3 Rf7 52. Ke4 Kc5 53. Rc3+
Kb6 54. Rd3 Kc5 55. Rc3+ Kb4 56. Rc6 Rd7 57. Kf4 Ka4 58. Ra6+ Kb3 59. Kg5 b4
60. Rb6 Kc4 61. Kxg6 b3 62. Kf6 Rd8 63. Kf7 Rh8 64. Kxe6 Rh6+ 0-1

[Event "Madrid-ch Semifinal A"]
[Site "Madrid ESP"]
[Date "2014.03.24"]
[Round "7.14"]
[White "Garcia Gonzalez, Jesus"]
[Black "Saber, Salah"]
[Result "1-0"]
[WhiteElo "1993"]
[BlackElo "1847"]
[PlyCount "60"]
[EventDate "2014.03.10"]
[EventType "swiss"]
[EventRounds "9"]
[EventCountry "ESP"]
[Source "lmi"]
[SourceDate "2014.03.10"]

1. e4 e5 2. Nc3 Nf6 3. f4 d6 4. Nf3 Bg4 5. h3 Bxf3 6. Qxf3 Nbd7 7. Bc4 Be7 8.
d3 c6 9. a4 a6 10. O-O Qc7 11. Be3 h6 12. Ne2 Qa5 13. b4 Qd8 14. c3 b5 15. Bb3
Qc7 16. d4 Qb8 17. Ng3 Qb7 18. fxe5 dxe5 19. Nf5 Bf8 20. dxe5 Nxe5 21. Qg3 Ng6
22. Rad1 Qb8 23. e5 Qxe5 24. Qf3 Qe4 25. Bxf7+ Kxf7 26. Nd6+ Bxd6 27. Qxe4 Rhe8
28. Qxc6 Be5 29. Bd4 bxa4 30. Qd5+ Kf8 1-0

[Event "Madrid-ch Semifinal A"]
[Site "Madrid ESP"]
[Date "2014.03.24"]
[Round "7.15"]
[White "Luna Hermoso, Angel"]
[Black "Lozano Sanchez, Jose Antonio"]
[Result "0-1"]
[WhiteElo "1973"]
[BlackElo "1874"]
[PlyCount "48"]
[EventDate "2014.03.10"]
[EventType "swiss"]
[EventRounds "9"]
[EventCountry "ESP"]
[Source "lmi"]
[SourceDate "2014.03.10"]

1. d4 d5 2. c4 Nf6 3. Nf3 c6 4. e3 Bf5 5. Nc3 e6 6. Qb3 Qc7 7. Bd2 h6 8. Rc1
Qb6 9. Qxb6 axb6 10. cxd5 exd5 11. a3 Nbd7 12. Be2 Bd6 13. Nh4 Bh7 14. f4 Ne4
15. Nf3 Nxc3 16. Bxc3 Nf6 17. Ne5 Ne4 18. Bg4 g6 19. Bd7+ Ke7 20. Bxc6 bxc6 21.
Nxc6+ Kd7 22. Nb4 Bxb4 23. Bxb4 Rac8 24. Ke2 g5 0-1

[Event "Madrid-ch Semifinal A"]
[Site "Madrid ESP"]
[Date "2014.03.24"]
[Round "7.16"]
[White "Lopez Orellana, Federico"]
[Black "Rueda Maria, Ramiro"]
[Result "1/2-1/2"]
[WhiteElo "1808"]
[BlackElo "1967"]
[PlyCount "45"]
[EventDate "2014.03.10"]
[EventType "swiss"]
[EventRounds "9"]
[EventCountry "ESP"]
[Source "lmi"]
[SourceDate "2014.03.10"]

1. d4 Nf6 2. Bg5 e6 3. e3 Be7 4. Nd2 d5 5. Bd3 O-O 6. f4 h6 7. Bxf6 Bxf6 8.
Ngf3 Nd7 9. O-O c5 10. c3 Be7 11. Ne5 Nxe5 12. fxe5 f5 13. Nf3 Bd7 14. a4 Be8
15. Kh1 Bh5 16. Qd2 c4 17. Be2 Qe8 18. Ng1 Bg5 19. Nh3 Qg6 20. Nf4 Bxf4 21.
exf4 Bxe2 22. Qxe2 Qf7 23. Rfb1 1/2-1/2

[Event "Madrid-ch Semifinal A"]
[Site "Madrid ESP"]
[Date "2014.03.24"]
[Round "7.17"]
[White "Montes De Santiago, Fernando"]
[Black "Fernandez Aransay, Fernando"]
[Result "0-1"]
[WhiteElo "1831"]
[BlackElo "1888"]
[PlyCount "103"]
[EventDate "2014.03.10"]
[EventType "swiss"]
[EventRounds "9"]
[EventCountry "ESP"]
[Source "lmi"]
[SourceDate "2014.03.10"]

1. d4 d5 2. Nf3 Nf6 3. g3 e6 4. c4 Be7 5. Bg2 O-O 6. O-O Nbd7 7. b3 b6 8. Nbd2
Bb7 9. Re1 c5 10. e3 Qc7 11. Bb2 Rfd8 12. Rc1 Rac8 13. a3 Qb8 14. h3 Qa8 15.
cxd5 Bxd5 16. Nh4 Ne4 17. Nxe4 Bxh4 18. Qg4 Nf6 19. Qxh4 Nxe4 20. dxc5 bxc5 21.
Qg4 f6 22. f3 Nd2 23. Bxf6 Rd7 24. e4 Bxb3 25. Re2 Qb7 26. Bc3 Rcd8 27. Ba5 Qb5
28. Bxd8 Qxe2 29. Bg5 Rf7 30. Rxc5 Qe1+ 31. Kh2 Nf1+ 32. Bxf1 Qf2+ 33. Bg2 Qxc5
34. a4 Qa5 35. f4 Qxa4 36. Qe2 Rd7 37. f5 Qc4 38. Qb2 exf5 39. e5 h6 40. Bf4
Qc2 41. Qxc2 Bxc2 42. e6 Re7 43. Bd5 Be4 44. Ba2 Kf8 45. g4 Rb7 46. Bd6+ Ke8
47. Kg3 Rb2 48. Bc4 g5 49. Bf1 f4+ 50. Bxf4 gxf4+ 51. Kxf4 Rf2+ 52. Kxe4 0-1

[Event "Madrid-ch Semifinal A"]
[Site "Madrid ESP"]
[Date "2014.03.24"]
[Round "7.19"]
[White "Hernandez Garcia, Carlos"]
[Black "Martin-Consuegra Barrilero, Ja"]
[Result "0-1"]
[WhiteElo "1814"]
[BlackElo "1853"]
[PlyCount "106"]
[EventDate "2014.03.10"]
[EventType "swiss"]
[EventRounds "9"]
[EventCountry "ESP"]
[Source "lmi"]
[SourceDate "2014.03.10"]

1. e4 d6 2. d4 Nf6 3. Nc3 e5 4. dxe5 dxe5 5. Qxd8+ Kxd8 6. Bg5 Be6 7. O-O-O+
Kc8 8. Nf3 Nbd7 9. Bb5 c6 10. Bd3 Bc5 11. Rhf1 h6 12. Bh4 Kc7 13. Na4 Bd6 14.
Kb1 b5 15. Nc3 Nb6 16. Bxb5 Nfd7 17. Be2 g5 18. Bg3 f6 19. Nd2 a5 20. a3 Rhb8
21. Ka1 Nc5 22. h3 Bg8 23. f3 Rd8 24. Bf2 Be7 25. h4 Be6 26. Rfe1 Rab8 27. hxg5
hxg5 28. Rh1 Rh8 29. Bxc5 Bxc5 30. Nb3 Bxb3 31. cxb3 Bd4 32. Ka2 Rbd8 33. Rxh8
Rxh8 34. Kb1 Rh2 35. Bf1 Nc8 36. Kc2 Ne7 37. Ne2 Bf2 38. Kd3 Rh8 39. Kc4 Ng6
40. Nc1 Nf4 41. Nd3 Ba7 42. b4 axb4 43. Nxb4 Rh1 44. Be2 Rh2 45. Bf1 Nxg2 46.
Bxg2 Rxg2 47. b3 g4 48. fxg4 Rxg4 49. Kd3 Bd4 50. Nc2 Rg3+ 51. Kc4 Rc3+ 52. Kb4
Rxc2 53. a4 Kb6 0-1

[Event "Madrid-ch Semifinal A"]
[Site "Madrid ESP"]
[Date "2014.03.24"]
[Round "7.20"]
[White "Camarero Izquierdo, Juan Carlo"]
[Black "Garcia Fernandez, Jesus"]
[Result "0-1"]
[WhiteElo "1864"]
[BlackElo "1892"]
[PlyCount "76"]
[EventDate "2014.03.10"]
[EventType "swiss"]
[EventRounds "9"]
[EventCountry "ESP"]
[Source "lmi"]
[SourceDate "2014.03.10"]

1. d4 Nf6 2. Nc3 c5 3. d5 g6 4. e4 d6 5. Be3 Qb6 6. Bb5+ Bd7 7. Bxd7+ Nbxd7 8.
Nge2 Bg7 9. Qd2 h6 10. O-O Ne5 11. b3 Neg4 12. Bf4 Nh5 13. Rae1 Qb4 14. a3 Qa5
15. Be3 Nxe3 16. Qxe3 O-O 17. a4 a6 18. Kh1 b5 19. f4 bxa4 20. Nxa4 Rab8 21. e5
c4 22. Nac3 cxb3 23. cxb3 Rxb3 24. g4 Nxf4 25. Rxf4 Bxe5 26. Rc4 Rfb8 27. Rc1
R8b4 28. Qe4 Kg7 29. Rxb4 Rxb4 30. Qg2 Rb2 31. Qf3 Qa3 32. Kg2 Bxc3 33. Rxc3
Rxe2+ 34. Kf1 Qb2 35. Qxe2 Qxc3 36. Qxa6 Qf3+ 37. Ke1 Qxd5 38. Qc8 Qe5+ 0-1

[Event "Madrid-ch Semifinal A"]
[Site "Madrid ESP"]
[Date "2014.03.24"]
[Round "7.21"]
[White "Fernandez Garcia, Ignacio"]
[Black "Ore Leon, Gustavo"]
[Result "1-0"]
[WhiteElo "1907"]
[BlackElo "1840"]
[PlyCount "111"]
[EventDate "2014.03.10"]
[EventType "swiss"]
[EventRounds "9"]
[EventCountry "ESP"]
[Source "lmi"]
[SourceDate "2014.03.10"]

1. e4 c5 2. Nc3 Nc6 3. Bc4 e6 4. f4 Nge7 5. Nf3 d5 6. Be2 Bd7 7. d3 Nd4 8. O-O
Rc8 9. Ne5 f6 10. Nxd7 Qxd7 11. exd5 Nxe2+ 12. Qxe2 Nxd5 13. Re1 Rc6 14. Qh5+
Kd8 15. Nb5 g6 16. Qf3 Bg7 17. Bd2 Re8 18. a4 a6 19. Na3 Ne7 20. Nc4 b6 21. a5
b5 22. Nb6 Qd6 23. c3 h5 24. Be3 Nf5 25. Bf2 Bh6 26. g3 Ke7 27. d4 cxd4 28.
cxd4 Kf7 29. d5 Rc7 30. Rad1 e5 31. b4 Bf8 32. fxe5 fxe5 33. g4 hxg4 34. Qxg4
Qxb4 35. Re4 Qxa5 36. h4 Bc5 37. Bxc5 Rxc5 38. Nd7 Rc3 39. Rf1 Re7 40. h5 Ke8
41. Qxg6+ Kxd7 42. Qxf5+ Kc7 43. d6+ Kxd6 44. Qf6+ Kd7 45. Rd1+ Kc8 46. Qf8+
Kb7 47. Qxe7+ Rc7 48. Qxe5 Qb6+ 49. Kh1 Qh6 50. Qd5+ Ka7 51. Re6 Qf8 52. Ra1
Qc8 53. Qd4+ Kb8 54. Rb6+ Rb7 55. Qd6+ Ka8 56. Rbxa6+ 1-0

[Event "Madrid-ch Semifinal A"]
[Site "Madrid ESP"]
[Date "2014.03.25"]
[Round "8.1"]
[White "Madina Yadarola, Martin"]
[Black "Gonzalez Rivera, Eduardo"]
[Result "1/2-1/2"]
[WhiteElo "2254"]
[BlackElo "2101"]
[PlyCount "35"]
[EventDate "2014.03.10"]
[EventType "swiss"]
[EventRounds "9"]
[EventCountry "ESP"]
[Source "lmi"]
[SourceDate "2014.03.10"]

1. Nf3 Nf6 2. c4 c6 3. Nc3 d5 4. e3 e6 5. d4 Nbd7 6. Qc2 a6 7. b3 dxc4 8. bxc4
c5 9. Be2 cxd4 10. exd4 b6 11. O-O Qc7 12. Bg5 Be7 13. Rfe1 O-O 14. Bd3 h6 15.
Bh4 Re8 16. Bg3 Bd6 17. Ne5 Bxe5 18. Bxe5 1/2-1/2

[Event "Madrid-ch Semifinal A"]
[Site "Madrid ESP"]
[Date "2014.03.25"]
[Round "8.2"]
[White "Barraza Caracuel, Ignacio"]
[Black "Rodriguez De Castro, Ayar"]
[Result "1/2-1/2"]
[WhiteElo "2207"]
[BlackElo "2108"]
[PlyCount "75"]
[EventDate "2014.03.10"]
[EventType "swiss"]
[EventRounds "9"]
[EventCountry "ESP"]
[Source "lmi"]
[SourceDate "2014.03.10"]

1. d4 d5 2. c4 e6 3. Nc3 Nf6 4. cxd5 exd5 5. Bf4 c6 6. Nf3 Be7 7. e3 O-O 8. Bd3
Nbd7 9. h3 Re8 10. O-O Nh5 11. Qc2 Ndf6 12. Bh2 g6 13. Rab1 a5 14. Ne5 Nd7 15.
f4 Nxe5 16. fxe5 Be6 17. Rf3 c5 18. g4 Ng7 19. Qf2 Rf8 20. Rf1 c4 21. Bb1 a4
22. a3 Qd7 23. Qg2 b5 24. Na2 Rab8 25. Bf4 b4 26. axb4 Bxb4 27. Nxb4 Rxb4 28.
Bh6 Rfb8 29. Bxg7 Kxg7 30. Bf5 Rxb2 31. Qg3 a3 32. Bxe6 fxe6 33. Qh4 a2 34.
Rf7+ Qxf7 35. Rxf7+ Kxf7 36. Qf6+ Kg8 37. Qxe6+ Kg7 38. Qf6+ 1/2-1/2

[Event "Madrid-ch Semifinal A"]
[Site "Madrid ESP"]
[Date "2014.03.25"]
[Round "8.3"]
[White "Elissalt Cardenas, Hector"]
[Black "Mansilla Tolosa, Luis"]
[Result "1-0"]
[WhiteElo "2369"]
[BlackElo "2035"]
[PlyCount "57"]
[EventDate "2014.03.10"]
[EventType "swiss"]
[EventRounds "9"]
[EventCountry "ESP"]
[Source "lmi"]
[SourceDate "2014.03.10"]

1. d4 f5 2. h3 e6 3. g4 Be7 4. gxf5 exf5 5. Nf3 Nf6 6. Rg1 O-O 7. Bh6 Ne8 8. e3
Kh8 9. Bf4 d5 10. c4 Nf6 11. Nc3 Be6 12. Qb3 b6 13. Be5 Nc6 14. cxd5 Na5 15.
Qb5 a6 16. Qd3 Bxd5 17. Qxf5 Ne8 18. Bxg7+ Nxg7 19. Qxd5 Qxd5 20. Nxd5 Bd6 21.
Ng5 Rf5 22. Nc3 h6 23. Nge4 Be7 24. Bd3 Rh5 25. Ke2 Rxh3 26. Nd5 Bd6 27. Nxd6
cxd6 28. Rac1 Re8 29. Rc7 1-0

[Event "Madrid-ch Semifinal A"]
[Site "Madrid ESP"]
[Date "2014.03.25"]
[Round "8.4"]
[White "Alvarez Abejon, Amilcar"]
[Black "Lopez De Turiso, Jose Angel"]
[Result "1/2-1/2"]
[WhiteElo "2054"]
[BlackElo "2127"]
[PlyCount "83"]
[EventDate "2014.03.10"]
[EventType "swiss"]
[EventRounds "9"]
[EventCountry "ESP"]
[Source "lmi"]
[SourceDate "2014.03.10"]

1. e4 e5 2. Nf3 Nc6 3. Bb5 a6 4. Ba4 f5 5. d4 fxe4 6. Nxe5 Qh4 7. O-O Nf6 8. f3
Bd6 9. Bxc6 dxc6 10. Nc3 O-O 11. f4 c5 12. Be3 Bxe5 13. fxe5 Ng4 14. Rxf8+ Kxf8
15. Qf1+ Kg8 16. Bf4 cxd4 17. Nxe4 Be6 18. Ng5 Bd5 19. Nf3 Qh5 20. Nxd4 Nxe5
21. Re1 Ng6 22. Bg3 Rf8 23. Qe2 Qxe2 24. Rxe2 c5 25. Nb3 Rc8 26. Rd2 Be6 27.
Rd6 Kf7 28. Rb6 Bd5 29. Na5 Bxa2 30. Nxb7 Kg8 31. Rxa6 Bb1 32. c3 Bd3 33. Rd6
c4 34. Rd8+ Rxd8 35. Nxd8 Ne7 36. Kf2 Nd5 37. Bd6 h5 38. Kf3 g6 39. Ne6 Kf7 40.
Nc5 Bc2 41. Be5 Ke7 42. Ne4 1/2-1/2

[Event "Madrid-ch Semifinal A"]
[Site "Madrid ESP"]
[Date "2014.03.25"]
[Round "8.5"]
[White "Perez De Aranda A., Leonardo I"]
[Black "Jimenez Gonzalez, Marcos"]
[Result "1-0"]
[WhiteElo "2117"]
[BlackElo "1851"]
[PlyCount "101"]
[EventDate "2014.03.10"]
[EventType "swiss"]
[EventRounds "9"]
[EventCountry "ESP"]
[Source "lmi"]
[SourceDate "2014.03.10"]

1. b3 e6 2. Bb2 d5 3. e3 c5 4. f4 Nf6 5. Nf3 Be7 6. Be2 O-O 7. O-O Nc6 8. Ne5
Qc7 9. Nxc6 bxc6 10. d3 a5 11. Nd2 a4 12. Rf3 a3 13. Be5 Qd8 14. Rg3 Ne8 15.
Nf3 f6 16. Bc3 Bd6 17. Bd2 Qc7 18. Qc1 e5 19. fxe5 fxe5 20. e4 Kh8 21. Ng5 Nf6
22. Bf3 Qe7 23. c4 Bd7 24. Qe1 h6 25. Nh3 Be6 26. Qe2 Bc7 27. Bh5 Ba5 28. Bxa5
Rxa5 29. exd5 cxd5 30. Re1 Bxh3 31. Rxh3 e4 32. cxd5 Qe5 33. dxe4 Qb2 34. Bf3
Ra7 35. Rh4 Nd7 36. e5 c4 37. Rxc4 Ra5 38. Rc2 Qd4+ 39. Qe3 Qb4 40. Rc4 Qe7 41.
Rc7 Rxf3 42. gxf3 Rxd5 43. Rc8+ Nf8 44. Qf4 Rd8 45. Rec1 Ne6 46. Rxd8+ Qxd8 47.
Qg4 Qb6+ 48. Kh1 Kh7 49. Qf5+ g6 50. Qf7+ Ng7 51. Rc7 1-0

[Event "Madrid-ch Semifinal A"]
[Site "Madrid ESP"]
[Date "2014.03.25"]
[Round "8.6"]
[White "Fuentes Arjona, Antonio"]
[Black "Suarez Uriel, Adrian"]
[Result "0-1"]
[WhiteElo "2003"]
[BlackElo "2279"]
[PlyCount "100"]
[EventDate "2014.03.10"]
[EventType "swiss"]
[EventRounds "9"]
[EventCountry "ESP"]
[Source "lmi"]
[SourceDate "2014.03.10"]

1. e4 d6 2. d4 g6 3. Nf3 Bg7 4. Bc4 a6 5. a4 c5 6. dxc5 Qa5+ 7. c3 Qxc5 8. Qb3
e6 9. Be3 Qc7 10. Nd4 Nf6 11. f3 Nbd7 12. Nd2 Nc5 13. Qc2 d5 14. Bd3 O-O 15. b4
Nxd3+ 16. Qxd3 dxe4 17. Nxe4 Nd5 18. Bd2 Rd8 19. Rc1 e5 20. O-O exd4 21. cxd4
Qe7 22. Kh1 Bf5 23. Rfe1 Nxb4 24. Qb3 Rxd4 25. Bg5 Qf8 26. Nf6+ Bxf6 27. Bxf6
Rd7 28. Ba1 Nd3 29. Qc2 f6 30. g4 Nxe1 31. gxf5 Nd3 32. fxg6 Nxc1 33. Qc4+ Kg7
34. gxh7 Rc8 35. Qg4+ Kh8 36. Qxd7 Rc6 37. Qxb7 Re6 38. Bb2 Re1+ 39. Kg2 Qg7+
40. Qxg7+ Kxg7 41. Bxf6+ Kxh7 42. a5 Nd3 43. Bd8 Kg6 44. Bb6 Kf5 45. Kg3 Nf4
46. h4 Re2 47. Bf2 Nh5+ 48. Kg2 Kf4 49. Kf1 Kxf3 50. Be1 Rh2 0-1

[Event "Madrid-ch Semifinal A"]
[Site "Madrid ESP"]
[Date "2014.03.25"]
[Round "8.7"]
[White "Martin Rodriguez, Emilio"]
[Black "Gonzalez Mateos, Rafael"]
[Result "1-0"]
[WhiteElo "2078"]
[BlackElo "2005"]
[PlyCount "119"]
[EventDate "2014.03.10"]
[EventType "swiss"]
[EventRounds "9"]
[EventCountry "ESP"]
[Source "lmi"]
[SourceDate "2014.03.10"]

1. d4 Nf6 2. c4 e6 3. Nc3 Bb4 4. e3 b6 5. Bd3 Bb7 6. Nf3 Bxc3+ 7. bxc3 Ne4 8.
Nd2 Nxd2 9. Bxd2 Qg5 10. Qe2 Qxg2 11. O-O-O Bf3 12. Qf1 Qxf1 13. Rhxf1 Bxd1 14.
Kxd1 Nc6 15. e4 O-O 16. Rg1 Kh8 17. f4 Ne7 18. Bc1 d6 19. Ba3 Rfd8 20. Ke2 Ng6
21. Bc1 e5 22. f5 Nf4+ 23. Bxf4 exf4 24. Kf3 f6 25. Kxf4 c6 26. h4 Rac8 27. Re1
b5 28. Re3 bxc4 29. Bxc4 d5 30. Ba6 Rb8 31. e5 fxe5+ 32. dxe5 d4 33. cxd4 Rxd4+
34. Kg3 Ra4 35. Be2 Re8 36. e6 Rb4 37. Bf3 Rb6 38. Bh5 Re7 39. Kf4 Rb8 40. Ke5
Rd8 41. Bf3 Kg8 42. Bxc6 Rc7 43. Rc3 Kf8 44. h5 h6 45. Rc4 Ke7 46. Rg4 Kf8 47.
Bd5 Rc5 48. e7+ Kxe7 49. Rxg7+ Ke8 50. Ke6 Kf8 51. Rf7+ Kg8 52. Bb3 a5 53. Kf6
Rf8 54. Kg6 Rxf7 55. Bxf7+ Kh8 56. Be6 Rc2 57. Kxh6 a4 58. f6 a3 59. f7 Rf2 60.
Kg6 1-0

[Event "Madrid-ch Semifinal A"]
[Site "Madrid ESP"]
[Date "2014.03.25"]
[Round "8.8"]
[White "Martin Martin, Luis Vicente"]
[Black "Lobato Rivero, Carlos"]
[Result "1/2-1/2"]
[WhiteElo "2065"]
[BlackElo "1999"]
[PlyCount "58"]
[EventDate "2014.03.10"]
[EventType "swiss"]
[EventRounds "9"]
[EventCountry "ESP"]
[Source "lmi"]
[SourceDate "2014.03.10"]

1. d4 g6 2. Bf4 Bg7 3. e3 c5 4. c3 Qb6 5. Qb3 Nc6 6. Qxb6 axb6 7. Bc7 cxd4 8.
exd4 Nf6 9. Na3 Nd5 10. Bg3 Nxc3 11. Nf3 Nxd4 12. Nxd4 Bxd4 13. Nc2 Bf6 14.
bxc3 Bxc3+ 15. Kd1 Bxa1 16. Nxa1 Rxa2 17. Nc2 O-O 18. Bc4 Ra5 19. Re1 d5 20.
Bd3 e6 21. Bc7 Bd7 22. Bxb6 Ra2 23. Kc1 Rc8 24. Bd4 b5 25. Kb1 Ra4 26. Be5 b4
27. Na1 Ra3 28. Re3 Ba4 29. Bb2 d4 1/2-1/2

[Event "Madrid-ch Semifinal A"]
[Site "Madrid ESP"]
[Date "2014.03.25"]
[Round "8.9"]
[White "Cervino Rossel, Cristobal"]
[Black "Lorenzo Bailador, Alfredo"]
[Result "1/2-1/2"]
[WhiteElo "2018"]
[BlackElo "1996"]
[PlyCount "76"]
[EventDate "2014.03.10"]
[EventType "swiss"]
[EventRounds "9"]
[EventCountry "ESP"]
[Source "lmi"]
[SourceDate "2014.03.10"]

1. d4 d5 2. c4 e6 3. Nc3 Be7 4. Nf3 Nf6 5. Bg5 Nbd7 6. e3 O-O 7. Qc2 h6 8. Bh4
c6 9. cxd5 exd5 10. Bd3 Re8 11. O-O Ne4 12. Bxe7 Qxe7 13. Rab1 Nd6 14. Rfe1 Nf6
15. Ne5 Be6 16. Na4 Rac8 17. Nc5 Nd7 18. Ncxd7 Bxd7 19. Rbc1 Be6 20. f4 f5 21.
g4 Ne4 22. Bxe4 dxe4 23. h3 Kh7 24. Qg2 Rg8 25. g5 hxg5 26. fxg5 g6 27. Qg3 Rh8
28. Re2 Kg7 29. h4 Rh5 30. Rh2 Qd6 31. Qf4 Rd8 32. a3 Bd5 33. Rc5 Qe6 34. b4 a6
35. Rc3 Qd6 36. Rc5 Qe7 37. Rf2 Rdh8 38. Rh2 Rd8 1/2-1/2

[Event "Madrid-ch Semifinal A"]
[Site "Madrid ESP"]
[Date "2014.03.25"]
[Round "8.10"]
[White "Fernandez Aransay, Fernando"]
[Black "Vazquez Gonzalez, Jesus"]
[Result "0-1"]
[WhiteElo "1888"]
[BlackElo "2054"]
[PlyCount "46"]
[EventDate "2014.03.10"]
[EventType "swiss"]
[EventRounds "9"]
[EventCountry "ESP"]
[Source "lmi"]
[SourceDate "2014.03.10"]

1. e4 c5 2. Nf3 Nf6 3. Nc3 Nc6 4. d4 d5 5. e5 cxd4 6. Nb5 Ne4 7. Nbxd4 Qb6 8.
c3 Bg4 9. Qc2 e6 10. Nxc6 bxc6 11. Nd4 Bh5 12. a4 Bg6 13. a5 Qc7 14. Qa4 Nc5
15. Qxc6+ Qxc6 16. Nxc6 Nb3 17. Bg5 Nxa1 18. Bb5 a6 19. Ba4 Bc2 20. Bxc2 Nxc2+
21. Ke2 Rc8 22. Nd8 h6 23. Nxf7 Kxf7 0-1

[Event "Madrid-ch Semifinal A"]
[Site "Madrid ESP"]
[Date "2014.03.25"]
[Round "8.11"]
[White "Perez Agusti, Luis"]
[Black "Garcia Gutierrez, Jose"]
[Result "0-1"]
[WhiteElo "1952"]
[BlackElo "2009"]
[PlyCount "78"]
[EventDate "2014.03.10"]
[EventType "swiss"]
[EventRounds "9"]
[EventCountry "ESP"]
[Source "lmi"]
[SourceDate "2014.03.10"]

1. d4 d5 2. Nf3 Nf6 3. Bg5 e6 4. e3 Be7 5. c4 O-O 6. Nc3 c6 7. Qc2 h6 8. Bxf6
Bxf6 9. h4 Nd7 10. g4 Be7 11. h5 a6 12. Ne5 Nxe5 13. dxe5 Qc7 14. f4 Bc5 15.
Rh3 Bxe3 16. Rxe3 d4 17. Qe4 dxe3 18. Bd3 g6 19. Ke2 f5 20. Qxe3 Qf7 21. hxg6
Qg7 22. Rh1 Qxg6 23. Rg1 Kh8 24. Kd2 Qf7 25. Rh1 Qg7 26. g5 Kg8 27. Rxh6 Kf7
28. Qh3 Ke8 29. Rh7 Qg8 30. Qh5+ Kd8 31. g6 Bd7 32. Na4 Kc7 33. Nc5 Rad8 34.
Nxe6+ Qxe6 35. g7 Rg8 36. Qh4 Qf7 37. Qh6 Be6 38. b4 Bxc4 39. e6 Qxe6 0-1

[Event "Madrid-ch Semifinal A"]
[Site "Madrid ESP"]
[Date "2014.03.25"]
[Round "8.12"]
[White "Lozano Sanchez, Jose Antonio"]
[Black "Garcia Gonzalez, Jesus"]
[Result "1-0"]
[WhiteElo "1874"]
[BlackElo "1993"]
[PlyCount "73"]
[EventDate "2014.03.10"]
[EventType "swiss"]
[EventRounds "9"]
[EventCountry "ESP"]
[Source "lmi"]
[SourceDate "2014.03.10"]

1. e4 Nf6 2. Nc3 e5 3. Nf3 Bb4 4. Bc4 O-O 5. d3 d5 6. exd5 Nxd5 7. Bd2 Nxc3 8.
bxc3 Bd6 9. O-O Bg4 10. h3 Bh5 11. Qe2 Nd7 12. Qe3 c6 13. Ng5 Nb6 14. Bb3 Nd5
15. Qe4 Bg6 16. Qg4 Kh8 17. c4 Nc7 18. Nf3 f5 19. Qh4 Qd7 20. c5 Bxc5 21. Nxe5
Qe8 22. Rae1 Nd5 23. d4 Be7 24. Nxg6+ Qxg6 25. Rxe7 Nxe7 26. Qxe7 f4 27. Qe6
Rf6 28. Qg4 Qe4 29. Bc3 Rg6 30. Re1 Qxe1+ 31. Bxe1 Rxg4 32. hxg4 h6 33. c4 Kg8
34. d5 cxd5 35. cxd5 b5 36. d6+ Kf8 37. Ba5 1-0

[Event "Madrid-ch Semifinal A"]
[Site "Madrid ESP"]
[Date "2014.03.25"]
[Round "8.13"]
[White "Rueda Maria, Ramiro"]
[Black "Spitzer Isbert, Ramon"]
[Result "0-1"]
[WhiteElo "1967"]
[BlackElo "2070"]
[PlyCount "94"]
[EventDate "2014.03.10"]
[EventType "swiss"]
[EventRounds "9"]
[EventCountry "ESP"]
[Source "lmi"]
[SourceDate "2014.03.10"]

1. Nf3 f5 2. c4 Nf6 3. Nc3 e6 4. d4 d6 5. g3 Be7 6. Bg2 O-O 7. O-O Qe8 8. Ng5
Nc6 9. e4 fxe4 10. Ngxe4 Nxe4 11. Nxe4 e5 12. dxe5 Nxe5 13. b3 Bg4 14. Qd5+ Kh8
15. Bb2 Nf3+ 16. Bxf3 Bxf3 17. Rfe1 Qg6 18. Qd4 c5 19. Qd3 Rf4 20. Nxc5 Qxd3
21. Nxd3 Rf7 22. Nf4 d5 23. Ne6 Bb4 24. Re3 Be4 25. Ng5 Re7 26. Nxe4 dxe4 27.
Rd1 Bc5 28. Re2 Rf8 29. Bd4 Rd7 30. Rxe4 Rfd8 31. Rde1 Rxd4 32. Re8+ Bf8 33.
R1e4 Kg8 34. Rxd8 Rxd8 35. Re2 Kf7 36. Kg2 Kf6 37. f4 h5 38. h3 h4 39. Kf3 hxg3
40. Kxg3 Rd4 41. Kf3 Ba3 42. h4 Rd1 43. h5 Bc1 44. Kg4 Rg1+ 45. Kh4 Bxf4 46.
Re8 Kf5 47. Rf8+ Ke4 0-1

[Event "Madrid-ch Semifinal A"]
[Site "Madrid ESP"]
[Date "2014.03.25"]
[Round "8.14"]
[White "Pinel Mirasierra, Jose Pablo"]
[Black "Tereso Martin, Antonio"]
[Result "1/2-1/2"]
[WhiteElo "1951"]
[BlackElo "2029"]
[PlyCount "57"]
[EventDate "2014.03.10"]
[EventType "swiss"]
[EventRounds "9"]
[EventCountry "ESP"]
[Source "lmi"]
[SourceDate "2014.03.10"]

1. d4 Nf6 2. Nf3 d6 3. c4 Bg4 4. g3 Bxf3 5. exf3 c6 6. Bg2 d5 7. b3 e6 8. O-O
g6 9. Bb2 Bg7 10. Nd2 O-O 11. f4 Na6 12. Nf3 Ne4 13. Ne5 f6 14. Nd3 Re8 15. Re1
Nd6 16. Rc1 dxc4 17. bxc4 Qa5 18. Qb3 Qb6 19. Qc3 Nf5 20. Re4 Rad8 21. Rce1 Nc7
22. Bh1 h5 23. a4 a5 24. Bf3 Qa7 25. h3 b5 26. c5 b4 27. Qc4 Kf7 28. R4e2 Nd5
29. Nc1 1/2-1/2

[Event "Madrid-ch Semifinal A"]
[Site "Madrid ESP"]
[Date "2014.03.25"]
[Round "8.15"]
[White "Rosa Ramirez, Victor D"]
[Black "Lopez Orellana, Federico"]
[Result "1-0"]
[WhiteElo "1989"]
[BlackElo "1808"]
[PlyCount "63"]
[EventDate "2014.03.10"]
[EventType "swiss"]
[EventRounds "9"]
[EventCountry "ESP"]
[Source "lmi"]
[SourceDate "2014.03.10"]

1. e4 e5 2. Nf3 Nf6 3. Bc4 Nc6 4. Ng5 d5 5. exd5 Na5 6. Bb5+ c6 7. dxc6 bxc6 8.
Qf3 Bb7 9. Ba4 Bd6 10. d3 O-O 11. Nc3 c5 12. Nce4 Nxe4 13. dxe4 h6 14. Nh3 Qh4
15. O-O Bxe4 16. Qg3 Qf6 17. b3 Nc6 18. f3 Nd4 19. Qe1 Bxc2 20. Nf2 Qe7 21. Bb2
Bf5 22. Rd1 Rac8 23. Qd2 Rfd8 24. Bxd4 cxd4 25. Ne4 Bb4 26. Qe2 Rc7 27. Bb5
Rdc8 28. Bd3 Be6 29. f4 f5 30. fxe5 fxe4 31. Qxe4 Bf7 32. Qh7+ 1-0